| 000 | 00982nam0a22002771 4500 | ||
|---|---|---|---|
| 001 | rc\3277673 | ||
| 005 | 20250609173026.0 | ||
| 021 |
_aRU _b70-24448 |
||
| 021 |
_aRU _bРг11323-70 |
||
| 035 | _a(NLR Aleph) 007396157 | ||
| 090 |
_a6663251 _c6663251 |
||
| 100 | _a20130115d1970 |||y0rusy50 ca | ||
| 101 | 0 | _arus | |
| 102 | _aRU | ||
| 105 | _ay z ||||| | ||
| 200 | 1 |
_aЗовут поля весенние _e(Метод. письмо) _fТульское обл. упр. культуры. Метод. кабинет |
|
| 210 |
_aТула _cБ. и. _d1970 |
||
| 215 |
_a7 с. _d16 |
||
| 225 | 1 | _aСельскому клубному работнику | |
| 712 | 0 | 2 |
_4570 _aТульский областной методический кабинет культурно-просветительной работы _9722425 _3RU\NLR\AUTH\880530206 |
| 801 | 0 |
_aRU _bNLR _gpsbo |
|
| 801 | 1 |
_aRU _bELAR _2rusmarc |
|
| 852 |
_aNLR _j70-2/1265 |
||
| 942 | _cBOOK | ||
| 980 | _aNB | ||